000 00468nam a2200181Ia 4500
001 2650
005 20260306144822.0
008 260306t2018||||xx |||||||||||||| ||spa||
041 _aESP
082 _a618.9289
_bF72
100 _aFolch-Schulz, Julia
_eAUT
245 0 _aClaves psicobiológicas, diagnósticas y de intervención en el autismo
260 _c2018
300 _a213 páginas :
_c24 cm.
650 _aGEN
654 _aCPS
942 _cLIB
_dJUS
_fJUS
_2ddc
_n
999 _c2650
_d2650